| 000 | 00000nam 2200000za 4500 |
| 001 | 9.644519 |
| 003 | CaOODSP |
| 005 | 20200813121901 |
| 007 | ta |
| 008 | 150407|1993||||xxc||||| f|0| 0 eng d |
| 020 | |a0-660-14291-0 |
| 040 | |aCaOODSP|beng |
| 043 | |an-cn--- |
| 086 | 1 |aCS89-527E |
| 245 | 00|aCanadian National Child Care Study: Where are the children? An overview of child care arrangements in Canada / |cby Hillel Goelman et al. |
| 260 | |aOttawa - Ontario : |bStatistics Canada |c1993. |
| 300 | |a90p. : |bfigs., graphs, tables ; |c28 cm. |
| 500 | |aIn a box. |
| 590 | |a93-13|b1993-04-02 |
| 690 | 07|aDaycare|2gcpds |
| 710 | 2 |aStatistics Canada. |
| 720 | 1 |aGoelman, Hillel |
| 775 | 08|tÉtude nationale canadienne sur la garde des enfants: Où sont les enfants? Aperçu des modalités de garde des enfants au Canada / |w(CaOODSP)9.678351 |
| 776 | 0#|tCanadian National Child Care Study |w(CaOODSP)9.823114 |